00743nam a22002057a 4500010001100000035001100011040001200022082001300034100003300047245010100080250001100181260004200192300002400234650003800258650004200296700003200338942002300370999001900393952012500412 a419301 a419301 aDPLbEN 2973bHAR aHarlow, Ralph Volney9111161 aThe United States: from wilderness to world power.cby Ralph Volney Harlow; Nelson Manfred Blake a3rd ed aNew York bRinehart and Winstonc1961 aix, 966p c24cm(Hb) aUnited States -- History. 927060 aUnited States -- Civilization.918467 aBlake, Nelson Manfred94509 2ddccENh973m HAR c135341d135341 04104070aLbLd2015-10-05l0oHARp419301r2015-10-05 00:00:00t1w2015-10-05yENzW/d List No. 8130/4; dtd 18.2.2017